[Event "103rd YMCA Winter A"]
[Site "Warszawa"]
[Date "2012.01.04"]
[Round "1"]
[White "Zaczek, Jonathon"]
[Black "Goslawski, Michal"]
[Result "1/2-1/2"]
[WhiteElo "2126"]
[BlackElo "2067"]
[Annotator "M"]
[PlyCount "123"]
[EventDate "2012.01.04"]
[EventType "tourn"]
[EventRounds "1"]
[EventCountry "POL"]
[SourceDate "2012.01.03"]

1. e4 e6 2. d4 d5 3. Nc3 Bb4 4. e5 Ne7 5. Bd2 b6 6. f4 Bxc3 7. bxc3 Ba6 8. Bxa6
Nxa6 9. Nf3 O-O 10. O-O c5 11. Qe2 Qc8 12. Rae1 cxd4 13. cxd4 Qc4 14. Qxc4 dxc4
15. Ng5 Rfd8 16. c3 Nc5 17. g4 h6 18. Nh3 Nd3 19. Re3 g6 20. Nf2 Nxf2 21. Rxf2
h5 22. gxh5 Nf5 23. Rh3 Kg7 24. Rg2 Rd5 25. hxg6 fxg6 26. Be1 Rb5 27. Bh4 Rb1+
28. Kf2 Rb2+ 29. Kf3 Nxh4+ 30. Rxh4 Rxg2 31. Kxg2 Rd8 32. Rh3 Rd5 33. Re3 b5
34. Kf3 a5 35. a3 b4 36. axb4 axb4 37. cxb4 Rxd4 38. Rc3 g5 39. fxg5 Kg6 40. b5
Kxg5 41. b6 Rd1 42. Ke4 Rb1 43. Rg3+ Kh5 44. Kd4 c3 45. Rxc3 Rxb6 46. Kc5 Ra6
47. Rf3 Kg4 48. Rf2 Kg5 49. Kb5 Ra1 50. Kc6 Rd1 51. Rf6 Rd2 52. h4+ Kxh4 53.
Rxe6 Kg5 54. Rf6 Ra2 55. Kd7 Ra7+ 56. Ke6 Ra6+ 57. Ke7 Ra7+ 58. Kd6 Ra6+ 59.
Ke7 Ra7+ 60. Kf8 Ra8+ 61. Kg7 Re8 62. Rg6+ $11 1/2-1/2

[Event "103rd YMCA Winter A"]
[Site "Warszawa"]
[Date "2012.01.06"]
[Round "1"]
[White "Rutkowski, Piotr"]
[Black "Jarmula, Lukasz"]
[Result "1/2-1/2"]
[WhiteElo "2095"]
[BlackElo "2018"]
[Annotator "M"]
[PlyCount "64"]
[EventDate "2012.01.04"]
[EventType "tourn"]
[EventRounds "1"]
[EventCountry "POL"]
[SourceDate "2012.01.03"]

1. e4 c5 2. Nf3 d6 3. d4 cxd4 4. Nxd4 Nf6 5. Nc3 a6 6. Bg5 e6 7. f4 h6 8. Bxf6
Qxf6 9. Qd2 g5 10. f5 Bg7 11. O-O-O Qxd4 12. Qxd4 Bxd4 13. Rxd4 Ke7 14. fxe6
fxe6 15. Be2 Nc6 16. Rd3 Ne5 17. Rg3 b5 18. a3 Bb7 19. Rf1 Raf8 20. Kd2 Rxf1
21. Bxf1 g4 22. Re3 h5 23. Bd3 h4 24. h3 g3 25. Re1 Ng6 26. Rf1 e5 27. Ne2 Nf8
28. Ke3 Ne6 29. c4 Bc6 30. cxb5 axb5 31. Rf5 Ng7 32. Rf1 Ne6 $11 1/2-1/2

[Event "103rd YMCA Winter A"]
[Site "Warszawa"]
[Date "2012.01.06"]
[Round "1"]
[White "Malec, Sebastian"]
[Black "Gasik, Piotr"]
[Result "0-1"]
[WhiteElo "2143"]
[BlackElo "2127"]
[PlyCount "82"]
[EventDate "2012.01.04"]
[EventType "tourn"]
[EventRounds "1"]
[EventCountry "POL"]
[SourceDate "2012.01.03"]

1. e4 Nf6 2. e5 Nd5 3. d4 d6 4. Nf3 dxe5 5. Nxe5 c6 6. c4 Nb4 7. a3 Qxd4 8.
Nxf7 Qe4+ 9. Be2 Qxg2 10. Bf3 Nc2+ 11. Kd2 Qxf2+ 12. Kc3 g6 13. Rf1 Bg7+ 14.
Kb3 Nxa1+ 15. Ka2 Qd4 16. Qe2 O-O 17. Nh6+ Kh8 18. Rd1 Qf6 19. Bg2 Na6 20. Be3
Bf5 21. Nxf5 gxf5 22. Bd4 e5 23. Bc3 Nc5 24. b4 Nab3 25. bxc5 Nd4 26. Qb2 Qf7
27. Nd2 Rad8 28. Rf1 Qe7 29. Nb3 Nxb3 30. Qxb3 Qxc5 31. Bb4 Qb6 32. Qh3 c5 33.
Bc3 Qa6 34. Bd5 Qa4 35. Qe3 Rxd5 36. cxd5 Qc4+ 37. Kb2 Qxf1 38. Bxe5 Qg2+ 39.
Kc1 Bxe5 40. Qxe5+ Qg7 41. Qe6 f4 0-1

[Event "103rd YMCA Winter A"]
[Site "Warszawa"]
[Date "2012.01.06"]
[Round "1"]
[White "Kielar, Maciej"]
[Black "Choroszej, Aleksander"]
[Result "1/2-1/2"]
[WhiteElo "2084"]
[BlackElo "2070"]
[Annotator "M"]
[PlyCount "103"]
[EventDate "2012.01.04"]
[EventType "tourn"]
[EventRounds "1"]
[EventCountry "POL"]
[SourceDate "2012.01.03"]

1. e4 g6 2. d4 Bg7 3. Nc3 d6 4. Be3 a6 5. Qd2 Nd7 6. O-O-O b5 7. g4 Bb7 8. f3
b4 9. Na4 Rb8 10. Bc4 d5 11. exd5 Ngf6 12. Nc5 Bxd5 13. Bxd5 Nxd5 14. Bh6 Bxh6
15. Qxh6 Nxc5 16. dxc5 c6 17. Qg7 Rf8 18. Ne2 Qa5 19. Nd4 Qxc5 20. Qe5 Rd8 21.
Rhe1 e6 22. f4 Qd6 23. Qxd6 Rxd6 24. Nxc6 Rxc6 25. Rxd5 Ke7 26. Rd4 $11 Rfc8
27. Re2 a5 28. Red2 R8c7 29. Kd1 Rc4 30. h3 f6 31. Kc1 h5 32. Kd1 hxg4 33. hxg4
g5 34. fxg5 fxg5 35. a3 bxa3 36. bxa3 Kf6 37. Ke2 Ke5 38. c3 Rxc3 39. Ra4 R7c5
40. Rdd4 Kf6 41. Kd2 Rg3 42. Re4 Rd5+ 43. Kc2 Ke7 44. Rec4 Kd6 45. Rc8 Rgd3 46.
Rg8 Rd2+ 47. Kc1 Ke7 48. Rxg5 Rxg5 49. Kxd2 Re5 50. Kd3 Kf6 51. Kd4 Rd5+ 52.
Ke3 $11 1/2-1/2

[Event "103rd YMCA Winter A"]
[Site "Warszawa"]
[Date "2012.01.04"]
[Round "1"]
[White "Kaczorowski, Piotr"]
[Black "Liberadzki, Slawomir"]
[Result "0-1"]
[WhiteElo "2104"]
[BlackElo "2100"]
[PlyCount "36"]
[EventDate "2012.01.04"]
[EventType "tourn"]
[EventRounds "1"]
[EventCountry "POL"]
[SourceDate "2012.01.03"]

1. a3 c5 2. c4 Nc6 3. Nc3 g6 4. g3 Bg7 5. Bg2 e6 6. Rb1 Nge7 7. b4 O-O 8. Nf3
d5 9. cxd5 exd5 10. bxc5 Bf5 11. Rxb7 Na5 12. Rxe7 Qxe7 13. d4 Be4 14. Bf4 Nb7
15. Qd2 Nxc5 16. dxc5 Qxc5 17. Nxe4 dxe4 18. Bd6 Qb6 0-1

[Event "103rd YMCA Winter A"]
[Site "Warszawa"]
[Date "2012.01.06"]
[Round "1"]
[White "Jarmula, Pawel"]
[Black "Nowicki, Bartosz"]
[Result "0-1"]
[WhiteElo "2219"]
[BlackElo "2127"]
[PlyCount "152"]
[EventDate "2012.01.04"]
[EventType "tourn"]
[EventRounds "1"]
[EventCountry "POL"]
[SourceDate "2012.01.03"]

1. d4 d6 2. e4 g6 3. Nc3 Bg7 4. Be3 Nf6 5. h3 O-O 6. Nf3 c6 7. a4 Nbd7 8. Bc4
d5 9. exd5 Nb6 10. Bb3 Nbxd5 11. Nxd5 cxd5 12. O-O Bf5 13. Re1 Rc8 14. Bf4 h6
15. a5 g5 16. Bh2 a6 17. Qe2 Ne4 18. Ne5 e6 19. c3 Rc7 20. Nd3 Re7 21. f3 Nd6
22. Nc5 Rfe8 23. Ba4 Rf8 24. b4 Bg6 25. g4 Bf6 26. Bg3 Nc4 27. Qh2 h5 28. h4
hxg4 29. fxg4 gxh4 30. Bf4 Qc8 31. g5 Bg7 32. Ra2 e5 33. dxe5 Qg4+ 34. Rg2 Qf3
35. Qxh4 Qxc3 36. Nd7 Rxd7 37. Bxd7 Nxe5 38. Bxe5 Bxe5 39. Rg4 Bb8 40. Rf1 Ba7+
41. Kh1 Qd3 42. Rgf4 Be4+ 43. Kh2 Qc2+ 44. R1f2 Bxf2 45. Qxf2 Qxf2+ 46. Rxf2
Rd8 47. Bg4 Bg6 48. Kg3 Kf8 49. Kf4 Re8 50. Bf3 Be4 51. Bh5 Kg7 52. Rd2 Rc8 53.
Rd4 Rc1 54. Bd1 Kg6 55. Bb3 Rf1+ 56. Ke5 Kxg5 57. Kd6 Rc1 58. Bxd5 Bxd5 59.
Rxd5+ f5 60. b5 Kg4 61. Ke6 f4 62. Rd7 axb5 63. Rg7+ Kh3 64. Rh7+ Kg2 65. Rg7+
Kh2 66. Rh7+ Kg3 67. Rg7+ Kf2 68. Rxb7 Ra1 69. Rxb5 f3 70. Kd6 Ke3 71. Rb3+ Kf4
72. Rb4+ Kg3 73. Kc5 f2 74. Rb3+ Kg2 75. Rb2 Rxa5+ 76. Kd4 Kg1 0-1

[Event "103rd YMCA Winter A"]
[Site "Warszawa"]
[Date "2012.01.10"]
[Round "2"]
[White "Goslawski, Michal"]
[Black "Nowicki, Bartosz"]
[Result "1-0"]
[WhiteElo "2067"]
[BlackElo "2127"]
[PlyCount "51"]
[EventDate "2012.01.04"]
[EventType "tourn"]
[EventRounds "1"]
[EventCountry "POL"]
[SourceDate "2012.01.03"]

1. e4 c5 2. Nf3 d6 3. d4 cxd4 4. Nxd4 Nf6 5. Nc3 a6 6. Be3 Ng4 7. Bc1 Nf6 8.
Be3 e5 9. Nf3 Be7 10. Bc4 O-O 11. O-O Qc7 12. Bb3 Be6 13. Nh4 Rc8 14. Nf5 Bf8
15. Qf3 Nbd7 16. Bg5 Bxf5 17. Qxf5 Rab8 18. Rad1 b5 19. Rd3 g6 20. Qf3 Bg7 21.
Rfd1 Rb6 22. Be3 Nc5 23. Bxc5 Qxc5 24. Nd5 Nxd5 25. Bxd5 Qxc2 26. Rc3 1-0

[Event "103rd YMCA Winter A"]
[Site "Warszawa"]
[Date "2012.01.11"]
[Round "2"]
[White "Liberadzki, Slawomir"]
[Black "Jarmula, Pawel"]
[Result "1-0"]
[WhiteElo "2100"]
[BlackElo "2219"]
[PlyCount "83"]
[EventDate "2012.01.04"]
[EventType "tourn"]
[EventRounds "1"]
[EventCountry "POL"]
[SourceDate "2012.01.03"]

1. e4 e6 2. d4 d5 3. e5 c5 4. c3 Nc6 5. Nf3 Qb6 6. a3 c4 7. Nbd2 Na5 8. g3 Bd7
9. Bh3 O-O-O 10. O-O h6 11. Rb1 Qc7 12. Re1 Ne7 13. b3 cxb3 14. Nxb3 Ba4 15.
Nfd2 Nec6 16. Qf3 Bxb3 17. Nxb3 Nxb3 18. Rxb3 Na5 19. Rb5 Kb8 20. Bf1 Rc8 21.
Bd2 a6 22. Rb2 Ka7 23. Reb1 b5 24. a4 bxa4 25. c4 Nb3 26. cxd5 exd5 27. Qxd5
Ba3 28. Ra2 Rhd8 29. Qf3 Qb6 30. Be3 Qg6 31. Rxa3 Qxb1 32. Rxa4 a5 33. Qxf7+
Kb8 34. Ra3 Rc3 35. e6 Nd2 36. Bxd2 Rxa3 37. Bf4+ Ka8 38. Qe7 Ra1 39. Qxd8+ Ka7
40. Qc7+ Ka8 41. Qc6+ Ka7 42. Qa6# 1-0

[Event "103rd YMCA Winter A"]
[Site "Warszawa"]
[Date "2012.01.13"]
[Round "2"]
[White "Choroszej, Aleksander"]
[Black "Kaczorowski, Piotr"]
[Result "1/2-1/2"]
[WhiteElo "2070"]
[BlackElo "2104"]
[Annotator "M"]
[PlyCount "40"]
[EventDate "2012.01.04"]
[EventType "tourn"]
[EventRounds "1"]
[EventCountry "POL"]
[SourceDate "2012.01.03"]

1. d4 d5 2. c4 c6 3. e3 g6 4. Nc3 Nf6 5. Nf3 Bg7 6. Qb3 O-O 7. Bd2 b6 8. cxd5
cxd5 9. Be2 Bb7 10. O-O Nc6 11. Rfd1 e6 12. Be1 Qe7 13. Ne5 Rfc8 14. f4 Ne4 15.
Nxe4 dxe4 16. Bb5 Bf8 17. Bc3 Nxe5 18. dxe5 Bd5 19. Qa4 a6 20. Bf1 Qb7 $11
1/2-1/2

[Event "103rd YMCA Winter A"]
[Site "Warszawa"]
[Date "2012.01.13"]
[Round "2"]
[White "Gasik, Piotr"]
[Black "Kielar, Maciej"]
[Result "1/2-1/2"]
[WhiteElo "2127"]
[BlackElo "2084"]
[Annotator "M"]
[PlyCount "156"]
[EventDate "2012.01.04"]
[EventType "tourn"]
[EventRounds "1"]
[EventCountry "POL"]
[SourceDate "2012.01.03"]

1. c4 g6 2. Nf3 Bg7 3. Nc3 c5 4. d4 cxd4 5. Nxd4 Nc6 6. e3 Nf6 7. Be2 O-O 8.
O-O b6 9. Nc2 Bb7 10. e4 Rc8 11. b3 Nh5 12. Bd2 Nf4 13. Bxf4 Bxc3 14. Rc1 Bb2
15. Rb1 Bg7 16. Qd2 Ne5 17. f3 d6 18. Rfd1 Qd7 19. Rbc1 f5 20. exf5 Qxf5 21.
Bg3 Qf7 22. Nd4 Kh8 23. Nb5 a6 24. Nc3 Rfd8 25. Qe3 Nd7 26. Ne4 Bxe4 27. Qxe4
Nc5 28. Qe3 a5 29. Bf1 e5 30. Rd5 Qc7 31. Bh4 Rd7 32. Bf2 Rf8 33. Rcd1 Rff7 34.
g3 Rf6 35. Bg2 Bf8 36. Qc3 Bg7 37. Qd2 Bf8 38. Be3 Rdf7 39. Bg5 Re6 40. Re1 Qa7
41. Kh1 Qb8 42. Qe2 Rf5 43. Bc1 Rf7 44. Bb2 Bg7 45. Bh3 Ree7 46. Bg2 Ne6 47.
Ba3 Nc5 48. Qd1 Re6 49. Qd2 Qc7 50. Bb2 Kg8 51. Qc2 Ree7 52. Red1 Rd7 53. a3
Rfe7 54. b4 axb4 55. axb4 Ne6 56. Bh3 Rd8 57. c5 bxc5 58. Bxe6+ Rxe6 59. bxc5
Rde8 60. Rxd6 Rxd6 61. Rxd6 Rc8 62. Qb3+ Kh8 63. Qb6 Qe7 64. Kg2 Qf8 65. Bc3
Rb8 66. Qa7 Rc8 67. Qa5 Ra8 68. Ra6 Rxa6 69. Qxa6 Qxc5 70. Qa8+ Qf8 $11 71.
Qxf8+ Bxf8 72. Bxe5+ Kg8 73. f4 h5 74. Kf3 Kf7 75. Ke4 Ke6 76. h3 Bb4 77. Bb2
Be1 78. Kf3 Kf5 1/2-1/2

[Event "103rd YMCA Winter A"]
[Site "Warszawa"]
[Date "2012.01.13"]
[Round "2"]
[White "Adamski, Andrzej"]
[Black "Malec, Sebastian"]
[Result "1-0"]
[WhiteElo "2271"]
[BlackElo "2143"]
[PlyCount "77"]
[EventDate "2012.01.04"]
[EventType "tourn"]
[EventRounds "1"]
[EventCountry "POL"]
[SourceDate "2012.01.03"]

1. e4 e6 2. d4 d5 3. e5 c5 4. c3 Qb6 5. Bd3 Bd7 6. dxc5 Bxc5 7. Qe2 a5 8. Nf3
Nc6 9. Nbd2 Qa7 10. Nb3 Bb6 11. a4 Nge7 12. h4 f6 13. O-O Ng6 14. exf6 gxf6 15.
Bh6 Kf7 16. c4 Nb4 17. cxd5 Nxd5 18. Bb5 Rad8 19. Qe4 Nge7 20. Bxd7 Rxd7 21.
Rae1 Rd6 22. Nfd4 Nc7 23. Bf4 Rxd4 24. Nxd4 Bxd4 25. Bxc7 e5 26. Bd6 Ng6 27.
Rc1 Ke6 28. Ba3 f5 29. Qd3 Nxh4 30. Rc7 Ng6 31. Qc4+ Kf6 32. Qf7+ Kg5 33. Be7+
Kf4 34. Qf6 Qb6 35. Qg5+ Ke4 36. Rd7 Nf4 37. Re1+ Kd3 38. Qxf5+ Kd2 39. Rxe5
1-0

[Event "103rd YMCA Winter A"]
[Site "Warszawa"]
[Date "2012.01.13"]
[Round "2"]
[White "Jarmula, Lukasz"]
[Black "Zysko, Jan"]
[Result "1-0"]
[WhiteElo "2018"]
[BlackElo "2184"]
[PlyCount "101"]
[EventDate "2012.01.04"]
[EventType "tourn"]
[EventRounds "1"]
[EventCountry "POL"]
[SourceDate "2012.01.03"]

1. d4 d6 2. Nf3 g6 3. c4 Bg7 4. Nc3 Nd7 5. g3 Ngf6 6. Bg2 O-O 7. O-O e5 8. e4
exd4 9. Nxd4 Re8 10. h3 Nc5 11. Re1 a5 12. Qc2 Bd7 13. Be3 Qc8 14. Kh2 Re5 15.
g4 Re7 16. Rad1 h6 17. f4 Qe8 18. Bf2 Ne6 19. Nde2 Bc8 20. f5 Nf8 21. Nf4 c6
22. Bg3 Rd7 23. Nd3 N6h7 24. Na4 Rd8 25. Nb6 Ra6 26. Nxc8 Rxc8 27. Bxd6 c5 28.
e5 Nd7 29. Bxb7 Rxd6 30. exd6 Qf8 31. Re7 Rd8 32. Bd5 gxf5 33. gxf5 Kh8 34. Kh1
Ndf6 35. Ne5 Nxd5 36. Nxf7+ Kg8 37. Nxd8 Nxe7 38. dxe7 Qxe7 39. Ne6 Qh4 40. Qg2
Ng5 41. Nxg7 Kxg7 42. Rd7+ Kf6 43. Qc6+ Kxf5 44. Qxc5+ Kg6 45. Rd6+ Kh5 46. Qe3
Qxc4 47. Rd1 Qc6+ 48. Kg1 Qf6 49. Rf1 Qxb2 50. Qe8+ Kh4 51. Rf4+ 1-0

[Event "103rd YMCA Winter A"]
[Site "Warszawa"]
[Date "2012.01.13"]
[Round "2"]
[White "Zaczek, Jonathon"]
[Black "Rutkowski, Piotr"]
[Result "1-0"]
[WhiteElo "2126"]
[BlackElo "2095"]
[PlyCount "61"]
[EventDate "2012.01.04"]
[EventType "tourn"]
[EventRounds "1"]
[EventCountry "POL"]
[SourceDate "2012.01.03"]

1. e4 c5 2. Nf3 d6 3. d4 cxd4 4. Nxd4 Nf6 5. Nc3 a6 6. Bc4 e6 7. Bb3 b5 8. O-O
Be7 9. Qf3 Qb6 10. Bg5 b4 11. Na4 Qb7 12. Rfe1 O-O 13. c3 bxc3 14. Nxc3 Nc6 15.
Nxc6 Qxc6 16. Bxf6 Bxf6 17. Nd5 exd5 18. Bxd5 Qb5 19. Bxa8 Be6 20. Rad1 Bxa2
21. Bd5 Bxd5 22. Rxd5 Qxb2 23. Rxd6 a5 24. Ra6 Rb8 25. g3 Qc3 26. Qxc3 Bxc3 27.
Rc1 Bb4 28. Rc7 h6 29. Raa7 Kh7 30. Rxf7 Bc3 31. Rab7 1-0

[Event "103rd YMCA Winter A"]
[Site "Warszawa"]
[Date "2012.01.17"]
[Round "3"]
[White "Rutkowski, Piotr"]
[Black "Goslawski, Michal"]
[Result "0-1"]
[WhiteElo "2095"]
[BlackElo "2067"]
[PlyCount "52"]
[EventDate "2012.01.04"]
[EventType "tourn"]
[EventRounds "1"]
[EventCountry "POL"]
[SourceDate "2012.01.03"]

1. e4 c5 2. Nf3 d6 3. d4 cxd4 4. Nxd4 Nf6 5. Nc3 Nc6 6. Bg5 Bd7 7. Qd2 Rc8 8.
f3 Nxd4 9. Qxd4 Qa5 10. h4 e6 11. O-O-O Be7 12. Kb1 a6 13. g4 b5 14. Bh3 b4 15.
Ne2 Ba4 16. Rd2 h6 17. Be3 d5 18. e5 Nd7 19. g5 hxg5 20. Bxg5 Rc4 21. Qg1 Bxg5
22. Qxg5 Rcxh4 23. Nf4 b3 24. Nxd5 exd5 25. Bxd7+ Bxd7 26. Rxh4 Qxa2+ 0-1

[Event "103rd YMCA Winter A"]
[Site "Warszawa"]
[Date "2012.02.23"]
[Round "3"]
[White "Zysko, Jan"]
[Black "Zaczek, Jonathon"]
[Result "1-0"]
[WhiteElo "2184"]
[BlackElo "2126"]
[PlyCount "53"]
[EventDate "2012.01.04"]
[EventType "tourn"]
[EventRounds "1"]
[EventCountry "POL"]
[SourceDate "2012.01.03"]

1. e4 c5 2. Nf3 d6 3. d4 cxd4 4. Nxd4 Nf6 5. Nc3 a6 6. Be3 e6 7. f3 Nbd7 8. g4
h6 9. Qd2 b5 10. O-O-O Bb7 11. h4 b4 12. Na4 d5 13. Bh3 e5 14. g5 exd4 15. Bxd4
hxg5 16. hxg5 Rxh3 17. Rxh3 Ng8 18. Rh8 Qa5 19. Rxg8 Qxa4 20. Bxg7 O-O-O 21.
Bxf8 Nxf8 22. Kb1 d4 23. b3 Qb5 24. Qf4 Qd7 25. Qf6 Qe6 26. Qg7 Qd6 27. Qxf7
1-0

[Event "103rd YMCA Winter A"]
[Site "Warszawa"]
[Date "2012.01.25"]
[Round "3"]
[White "Malec, Sebastian"]
[Black "Jarmula, Lukasz"]
[Result "1/2-1/2"]
[WhiteElo "2143"]
[BlackElo "2018"]
[Annotator "M"]
[PlyCount "65"]
[EventDate "2012.01.04"]
[EventType "tourn"]
[EventRounds "1"]
[EventCountry "POL"]
[SourceDate "2012.01.03"]

1. e4 c5 2. Nf3 d6 3. d4 cxd4 4. Qxd4 Nc6 5. Bb5 Qd7 6. Qd3 Nf6 7. e5 dxe5 8.
Nxe5 Qxd3 9. cxd3 Bd7 10. Nxd7 Nxd7 11. Be3 g6 12. Na3 Bg7 13. Bxc6 bxc6 14.
Nc4 O-O 15. O-O Ne5 16. Nxe5 Bxe5 17. d4 Bf6 18. Rac1 Rfd8 19. Rc4 Rd6 20. Ra4
Rd7 21. Rc1 Rad8 22. g3 Bxd4 $11 23. Bxd4 Rxd4 24. Rxa7 Rd2 25. b4 Rb2 26. Rc4
e5 27. Rxc6 e4 28. Rf6 e3 29. fxe3 Rd1+ 30. Rf1 Rdd2 31. Rfxf7 Rg2+ 32. Kf1
Rxh2 33. Kg1 $11 1/2-1/2

[Event "103rd YMCA Winter A"]
[Site "Warszawa"]
[Date "2012.01.20"]
[Round "3"]
[White "Kielar, Maciej"]
[Black "Adamski, Andrzej"]
[Result "1/2-1/2"]
[WhiteElo "2084"]
[BlackElo "2271"]
[PlyCount "197"]
[EventDate "2012.01.04"]
[EventType "tourn"]
[EventRounds "1"]
[EventCountry "POL"]
[SourceDate "2012.01.03"]

1. e4 d6 2. d4 g6 3. Nc3 Bg7 4. Bc4 a6 5. Be3 b5 6. Bb3 Bb7 7. Qd2 Nd7 8. O-O-O
e6 9. f3 c5 10. dxc5 dxc5 11. a4 c4 12. Ba2 Ngf6 13. Nge2 O-O 14. g4 b4 15. Nb1
Qa5 16. g5 Rac8 17. gxf6 Nxf6 18. Nd4 Rfd8 19. Qf2 Nd7 20. Rhg1 h6 21. Qh4 Ne5
22. Nd2 Qxa4 23. Kb1 c3 24. N2b3 Kh7 25. Rg3 h5 26. Rdg1 cxb2 27. Rg5 Kg8 28.
Qf4 Nc4 29. e5 Qe8 30. Rxh5 Na3+ 31. Kxb2 Rc3 32. Bc1 Bd5 33. Rh4 Rdc8 34. Ka1
Nxc2+ 35. Nxc2 Rxc2 36. Bb2 Qa4 37. Qxb4 Qe8 38. Qa4 Qd8 39. Rb4 Rxb2 40. Kxb2
Bxe5+ 41. Nd4 Qf6 42. Bxd5 exd5 43. Rc1 Rf8 44. Ka2 a5 45. Qxa5 Bxd4 46. Qxd5
Qa6+ 47. Kb3 Qd3+ 48. Ka4 Qa6+ 49. Qa5 Qf6 50. Rbc4 Bb2 51. R1c2 Kg7 52. Kb3
Be5 53. Qd5 Rd8 54. Qe4 Bd6 55. Rc8 Rd7 56. R8c4 Be7 57. Rb4 Qa6 58. Ra4 Qd3+
59. Qxd3 Rxd3+ 60. Kc4 Rxf3 61. Ra7 Bd6 62. Rd7 Be5 63. Rdd2 g5 64. Kd5 Bf4 65.
Rg2 Rh3 66. Rcf2 Kf6 67. Ke4 Rh4 68. Kd3 Kg6 69. Ra2 Rh3+ 70. Ke4 f6 71. Raf2
Bb8 72. Re2 Rh4+ 73. Kd5 Bc7 74. Ke6 Bf4 75. Ra2 Rh3 76. Rge2 Rh8 77. Ke7 Be5
78. Rac2 Rh7+ 79. Ke6 Bf4 80. Rc8 Ra7 81. Rc6 Ra8 82. Rb2 Re8+ 83. Kd7 Re3 84.
Re6 Be5 85. Rf2 Ra3 86. Rc6 Bd4 87. Rd2 Be5 88. Ke6 Re3 89. Kd5 Kf5 90. Rcc2
Bf4 91. Rf2 Rd3+ 92. Kc4 Rd8 93. Rce2 Rd1 94. Rg2 g4 95. Re8 Be5 96. Rf2+ Bf4
97. Rg8 Rh1 98. Rg2 Rxh2 99. R8xg4 1/2-1/2

[Event "103rd YMCA Winter A"]
[Site "Warszawa"]
[Date "2012.01.20"]
[Round "3"]
[White "Kaczorowski, Piotr"]
[Black "Gasik, Piotr"]
[Result "1-0"]
[WhiteElo "2104"]
[BlackElo "2127"]
[PlyCount "67"]
[EventDate "2012.01.04"]
[EventType "tourn"]
[EventRounds "1"]
[EventCountry "POL"]
[SourceDate "2012.01.03"]

1. a3 g6 2. Nf3 Bg7 3. e3 d5 4. d4 Nd7 5. c4 c6 6. Nc3 e6 7. Bd3 f5 8. O-O g5
9. g4 fxg4 10. Ne5 Bxe5 11. dxe5 Nxe5 12. Be2 Nf6 13. f4 gxf3 14. Bxf3 g4 15.
Bg2 Nxc4 16. e4 h5 17. exd5 Nxd5 18. Qd3 Ne5 19. Qe4 Qc7 20. Bg5 Rg8 21. Bh4
Nf3+ 22. Bxf3 gxf3+ 23. Kh1 Qf4 24. Nxd5 Qxe4 25. Nf6+ Kf8 26. Nxe4 Rg4 27.
Rxf3+ Kg7 28. Rg1 e5 29. h3 Rxg1+ 30. Kxg1 Be6 31. Bf6+ Kg6 32. Bxe5 Bf5 33.
Nd6 Bc2 34. Rg3+ 1-0

[Event "103rd YMCA Winter A"]
[Site "Warszawa"]
[Date "2012.01.20"]
[Round "3"]
[White "Jarmula, Pawel"]
[Black "Choroszej, Aleksander"]
[Result "1-0"]
[WhiteElo "2219"]
[BlackElo "2070"]
[PlyCount "93"]
[EventDate "2012.01.04"]
[EventType "tourn"]
[EventRounds "1"]
[EventCountry "POL"]
[SourceDate "2012.01.03"]

1. e4 g6 2. d4 Bg7 3. Nc3 d6 4. Nf3 a6 5. a4 b6 6. Bc4 e6 7. O-O Nd7 8. Be3 h6
9. Qe2 Ne7 10. Rad1 O-O 11. h3 g5 12. h4 g4 13. Nh2 h5 14. g3 e5 15. f3 exd4
16. Bxd4 Ne5 17. fxg4 Nxg4 18. Bxg7 Kxg7 19. Nf3 Ng6 20. Bd5 Ra7 21. Nd4 N6e5
22. Qd2 Kh7 23. Nce2 Qe8 24. Nf4 c5 25. Nf5 Bxf5 26. exf5 Qxa4 27. Nxh5 Rg8 28.
Rf4 Qb5 29. f6 c4 30. Re1 Rc7 31. Be4+ Kh8 32. Rf5 c3 33. bxc3 Qc5+ 34. Kg2
Qxc3 35. Qc1 Qd4 36. Ng7 Rgc8 37. Re2 Rc3 38. Rh5+ Kg8 39. Nf5 Qxe4+ 40. Rxe4
Rxc2+ 41. Qxc2 Rxc2+ 42. Kf1 Nh2+ 43. Ke1 Nhf3+ 44. Kd1 Rd2+ 45. Kc1 Nd3+ 46.
Kb1 Rb2+ 47. Ka1 1-0

[Event "103rd YMCA Winter A"]
[Site "Warszawa"]
[Date "2012.01.18"]
[Round "3"]
[White "Nowicki, Bartosz"]
[Black "Liberadzki, Slawomir"]
[Result "1-0"]
[WhiteElo "2127"]
[BlackElo "2100"]
[PlyCount "107"]
[EventDate "2012.01.04"]
[EventType "tourn"]
[EventRounds "1"]
[EventCountry "POL"]
[SourceDate "2012.01.03"]

1. e4 c5 2. Nf3 e6 3. d4 cxd4 4. Nxd4 Nc6 5. Nc3 Qc7 6. Be3 a6 7. Bd3 Nf6 8.
O-O Nxd4 9. Bxd4 Bc5 10. Bxc5 Qxc5 11. Qe2 d6 12. Kh1 e5 13. f4 Bg4 14. Qe1 Be6
15. Qh4 exf4 16. Qxf4 Qe5 17. Qh4 h5 18. Nd5 Nxd5 19. exd5 Qxd5 20. Be4 Qb5 21.
a4 Qd7 22. Rae1 d5 23. Bf5 Qe7 24. Qh3 O-O-O 25. Bxe6+ fxe6 26. Rxe6 Qd7 27.
Qc3+ Kb8 28. Rfe1 Qxa4 29. Re7 Rd7 30. b3 Qb5 31. Qxg7 Rhd8 32. Qe5+ Ka8 33.
Rxd7 Rxd7 34. Qxh5 Qb4 35. Rf1 Rc7 36. Qe8+ Ka7 37. Qe3+ d4 38. Qe4 Qd2 39. Qd3
Rxc2 40. Qxd2 Rxd2 41. h4 d3 42. Rf3 Rd1+ 43. Kh2 d2 44. Rd3 Rb1 45. Rxd2 Rxb3
46. h5 a5 47. Ra2 Rb4 48. Rxa5+ Kb6 49. Ra3 Kc5 50. h6 Re4 51. Rh3 Re8 52. g4
Kd5 53. g5 Ke4 54. h7 1-0

[Event "103rd YMCA Winter A"]
[Site "Warszawa"]
[Date "2012.02.03"]
[Round "4"]
[White "Goslawski, Michal"]
[Black "Liberadzki, Slawomir"]
[Result "1-0"]
[WhiteElo "2067"]
[BlackElo "2100"]
[PlyCount "121"]
[EventDate "2012.01.04"]
[EventType "tourn"]
[EventRounds "1"]
[EventCountry "POL"]
[SourceDate "2012.01.03"]

1. e4 c5 2. Nf3 e6 3. Nc3 Nc6 4. d4 cxd4 5. Nxd4 Qc7 6. Be2 a6 7. O-O Nf6 8.
Be3 Bb4 9. Nxc6 bxc6 10. Qd4 Rb8 11. a3 Be7 12. e5 Nd5 13. Nxd5 cxd5 14. c4
dxc4 15. Rfc1 Bb7 16. Rxc4 Bc6 17. Bf3 O-O 18. Qc3 Rfc8 19. Bxc6 dxc6 20. b4 a5
21. bxa5 c5 22. Rc1 Rb5 23. Ra4 Ra8 24. Bd2 Qb7 25. Qc4 Ra6 26. Rd1 Rb1 27. Qc2
Rxd1+ 28. Qxd1 Qb5 29. Qc2 g6 30. g3 Kf8 31. Qc4 Qxc4 32. Rxc4 Ke8 33. g4 g5
34. Kf1 Ra7 35. Ke2 Kd7 36. Rc3 Kc6 37. Rh3 Kd5 38. Rxh7 Bd8 39. h4 gxh4 40. g5
Bxg5 41. Bxg5 Rxa5 42. Bc1 Kxe5 43. Rxh4 Kd5 44. Kd3 f5 45. Rh8 Ra4 46. Rd8+
Ke5 47. f4+ Kf6 48. Rc8 Rd4+ 49. Kc3 Rd1 50. Bb2 Rf1 51. Kc4+ Ke7 52. Be5 Rc1+
53. Kb5 Rb1+ 54. Kc6 c4 55. Rc7+ Kd8 56. Bf6+ Ke8 57. Kd6 Rb6+ 58. Rc6 Rb3 59.
Kxe6 Re3+ 60. Be5 Kd8 61. a4 1-0

[Event "103rd YMCA Winter A"]
[Site "Warszawa"]
[Date "2012.01.27"]
[Round "4"]
[White "Choroszej, Aleksander"]
[Black "Nowicki, Bartosz"]
[Result "0-1"]
[WhiteElo "2070"]
[BlackElo "2127"]
[PlyCount "109"]
[EventDate "2012.01.04"]
[EventType "tourn"]
[EventRounds "1"]
[EventCountry "POL"]
[SourceDate "2012.01.03"]

1. d4 f5 2. g4 fxg4 3. h3 d5 4. Nc3 Nf6 5. Bf4 c5 6. e3 Bf5 7. hxg4 Bxg4 8. Qd2
cxd4 9. exd4 Nc6 10. f3 Bf5 11. Bh3 Qd7 12. O-O-O O-O-O 13. Nb5 a6 14. a4 e6
15. Qc3 axb5 16. axb5 Bd6 17. Bxd6 Qxd6 18. bxc6 Qxc6 19. Bxf5 exf5 20. Qb4
Rhe8 21. Rd3 Qa6 22. Kb1 Rd6 23. Nh3 Rb6 24. Qd2 Rb5 25. Qf4 Re6 26. Rc3+ Rc6
27. Qxf5+ Nd7 28. Rxc6+ bxc6 29. Re1 Ra5 30. Kc1 Ra1+ 31. Kd2 Qa5+ 32. c3 Rxe1
33. Kxe1 Qa1+ 34. Kd2 Qxb2+ 35. Qc2 Qxc2+ 36. Kxc2 Nf6 37. Kd3 Kd7 38. Ke3 h6
39. Nf2 Ke6 40. Nd3 Nd7 41. Kf4 g6 42. Kg4 Nb6 43. Ne5 Kf6 44. Nxc6 Na4 45. Ne5
Nxc3 46. Nd7+ Ke6 47. Ne5 Kf6 48. Nd7+ Kg7 49. Nb6 Kf7 50. Kf4 Ke6 51. Ke3 Kd6
52. Kd3 Kc7 53. Na8+ Kb7 54. Kxc3 Kxa8 55. f4 0-1